| 000 | 00642nam a2200217 4500 | ||
|---|---|---|---|
| 005 | 20260420165117.0 | ||
| 008 | 260420b |||||||| |||| 00| 0 eng d | ||
| 020 | _a9789366919454 (hbk) | ||
| 037 | _cTB | ||
| 040 |
_aCRL _cCRL |
||
| 041 |
_2URD _aURD |
||
| 084 |
_aU8 168R5 _qCRL |
||
| 100 |
_aRizvi, Shahida Osaid _91235227 |
||
| 245 | _aZaat-o-kainat | ||
| 260 |
_aDelhi, India: _bArshia publications, _c2025 |
||
| 300 | _a344p. | ||
| 365 |
_b400.00 _cINR |
||
| 650 | _aTravel | ||
| 942 |
_2CC _n0 _cTB _hU8 168R5 |
||
| 999 |
_c1848341 _d1848341 |
||